Detalles MARC
| 000 -LIDER |
| fixed length control field |
01712nam a22002537a 4500 |
| 003 - IDENTIFICACDOR DE NÚMERO DE CONTROL |
| control field |
DO-SdBNP |
| 005 - DATE AND TIME OF LATEST TRANSACTION |
| control field |
20180405111117.0 |
| 008 - ELEMENTOS DE LONGITUD FIJA |
| fixed length control field |
180405b 2001 dr 00| 0 spa d |
| 040 ## - FUENTE DE CATALOGACIÓN |
| Agencia que crea de manera original el registro |
BPMSU |
| Idioma de catalogación |
spa |
| Agencia que realiza la transcripción |
BPMSU |
| 082 04 - NÚMERO DE CLASIFICACIÓN DECIMAL DE DEWEY |
| Classification number |
RD861.44 |
| Item number |
H765m |
| 245 00 - MENCIÓN DE TITULO |
| Título |
Homenaje a las madres dominicanas : |
| Subtítulo |
a través de 20 de nuestros poetas más representativos / |
| Mención de responsabilidad |
compilación y prólogo Mateo Morrison. |
| 260 ## - PUBLICACIÓN, DISTRIBUCIÓN, ETC. (PIE DE IMPRENTA) |
| Lugar de publicación, distribución, etc |
Santo Domingo : |
| Nombre del editor, distribuidor, etc. |
Baninter, |
| Fecha de publicación, distribución, etc |
2001. |
| 300 ## - DESCRIPCIÓN FÍSICA |
| Extensión |
58 p. ; |
| Dimensiones |
22 cm. |
| 490 1# - MENCIÓN DE SERIES |
| Mención de serie |
Espacios culturales |
| Volume/sequential designation |
14 |
| 505 ## - NOTA DE CONTENIDO |
| Texto normalizado de contenido |
|
| 505 #2 - NOTA DE CONTENIDO |
| Texto normalizado de contenido |
A mi madre / Salomé Ureña de Henríquez -- Oración a la madre ida / Manuel Llanes -- Mi vieja se muere / Domingo Moreno Jimenes -- Remate / Manuel del Cabral -- Los caballos de Suro vienen por el viento / Franklin Mieses Burgos -- Maternidad / Manuel Rueda -- A mi madre / Antonio Fernández Spéncer -- La casa / Aída Cartagena Portalatín -- Duele enérsida! / Víctor Villegas -- Como la fuente / Lupo Hernández Rueda -- Llueve y es que es mayo dulce señora / Máximo Avilés Blonda -- Clavel encendido / Rodolfo Coiscou Weber -- Palabras para una madre muerta / Abel Fernández Mejía -- Amor infinito, abnegación infinita / Abel Abreu Mejía -- Madre mujer / Federico Jóvine Bermúdez -- Iniciación del sobresalto / Mateo Morrison -- Carta a mamá en blanco y negro / Luis Manuel Ledesma -- Amada / Tony Raful --Meciéndose en su agua / Miguel Antonio Jiménez -- Madre / Carmen Sánchez. |
| 650 #4 - ENCABEZAMIENTO DE MATERIA--TEMÁTICO |
| Término temático o nombre geográfico como elemento de entrada |
POESÍA DOMINICANA |
| 650 #4 - ENCABEZAMIENTO DE MATERIA--TEMÁTICO |
| Término temático o nombre geográfico como elemento de entrada |
LITERATURA DOMINICANA |
| 700 12 - ASIENTO SECUNDARIO -- NOMBRE PERSONAL |
| Nombre personal |
Morrison, Mateo, |
| Mención de responsabilidad |
compilación y prólogo |
| 830 #0 - ASIENTO SECUNDARIO DE SERIE--TÍTULO UNIFORME |
| Título uniforme |
Espacios culturales |
| Volume number/sequential designation |
14 |
| 942 ## - ADDED ENTRY ELEMENTS (KOHA) |
| Source of classification or shelving scheme |
Dewey Decimal Classification |
| Koha item type |
Libros |
| 945 ## - INFORMACIÓN DE PROCESAMIENTO LOCAL |
| Información de procesamiento local |
Inventariado, 2018 /LP |
| 956 ## - LOCAL ELECTRONIC LOCATION AND ACCESS (OCLC) |
| Nombre de host |
LOPEREZ |
| Número de acceso |
10 |
| Información de compresión |
20180405 |
| Procesador de solicitud |
BPMSU |